Statistics for Largest Cities in Europe Beginning With 'L'

Click here to take the quiz!

General Stats

  • This quiz has been taken 175 times
  • The average score is 15 of 25

Answer Stats

#PopulationCountryAnswer% Correct
114,800,000United KingdomLondon
100%
22,500,000PortugalLisbon
99%
42,025,000FranceLyon
96%
32,225,000United KingdomLeeds
94%
51,890,000United KingdomLiverpool
94%
61,310,000FranceLille
86%
18284,293SloveniaLjubljana
82%
8717,273UkraineLviv
81%
13438,438SwitzerlandLausanne
74%
7750,600GermanyLeipzig
71%
10670,642PolandŁódź
70%
9692,938United KingdomLeicester
68%
11500,259BelgiumLiège
67%
19276,613AustriaLinz
63%
21237,392SwitzerlandLucerne
55%
15334,681PolandLublin
43%
14397,677UkraineLuhansk
39%
17293,600GermanyLübeck
37%
22231,027FranceLe Havre
36%
16296,711United KingdomLuton
26%
20270,225NetherlandsLeiden
24%
23222,530FranceLe Mans
24%
24215,986UkraineLutsk
17%
25189,697SpainLeón
14%
12496,403RussiaLipetsk
14%

Score Distribution

Percentile by Number Answered

Percent of People with Each Score

Your Score History

You have not taken this quiz